000 nam a22 7a 4500
999 _c234966
_d234966
003 Nust
005 20170403173914.0
008 170403b xxu||||| |||| 00| 0 eng d
040 _cDLC
082 _a 624.1834 SAN
100 _aSanthakumar, A. R.
245 _aConcrete Technology /
260 _aNew York :
_bOxford university press,
300 _axii, 771p. ;
942 _2ddc
_cBK